| 000 | 00511nam a22001697a 4500 | ||
|---|---|---|---|
| 005 | 20251108163332.0 | ||
| 008 | 250721s1975 xx 000 0 ara d | ||
| 082 | 1 | 4 | _a001.43/حلم |
| 100 | 1 | _aفوده، علي محمد | |
| 245 | 1 | 0 | _aالمرشد في كتابة الأبحاث / |
| 264 | 1 |
_aبيروت : _bدار الفكر، _c1975. |
|
| 300 | _a190ص.: ملاحق - مراجع. | ||
| 650 | 1 | 7 | _aالأبحاث |
| 700 | 1 | _aعبد الله، عبد الرحمن صالح | |
| 942 |
_2ddc _cBK |
||
| 999 |
_c93 _d93 |
||